|
|
|
|
| LEADER |
01552nam a2200337 a 4500 |
| 001 |
43000 |
| 003 |
BD-DhAAL |
| 005 |
20240905103128.0 |
| 008 |
240905t1997 mnua 001 0 eng d |
| 010 |
|
|
|a 96232416
|
| 020 |
|
|
|a 0314051090 (student ed.)
|
| 020 |
|
|
|a 0314051104 (teacher's ed.)
|
| 035 |
|
|
|a (OCoLC)35324307
|
| 040 |
|
|
|a KyMoreU
|c KyMoreU
|d OCoLC
|d DLC
|d BD-DhAAL
|
| 042 |
|
|
|a lccopycat
|
| 050 |
0 |
0 |
|a TX165
|b .C68 1997
|
| 082 |
0 |
0 |
|a 640.7
|2 21
|
| 100 |
1 |
|
|a Couch, Sue.
|9 56735
|
| 245 |
1 |
0 |
|a Skills for life /
|c Sue Couch, Ginny Felstehausen, Patsy Hallman.
|
| 264 |
|
|
|a Minneapolis/St. Paul :
|b West Pub. Co.,
|c c1997.
|
| 300 |
|
|
|a xxxii, 576 pages :
|b col. illustrations ;
|c 27 cm.
|
| 500 |
|
|
|a Includes index.
|
| 541 |
|
|
|a Donation from the Asia Foundation/ Savar Campus
|e 43000, 43001
|
| 590 |
|
|
|a LC lacks teacher's ed.
|
| 650 |
|
0 |
|a Home economics
|x Study and teaching.
|9 56736
|
| 700 |
1 |
|
|a Felstehausen, Ginny.
|9 56737
|
| 700 |
1 |
|
|a Hallman, Patsy Spurrier.
|9 56738
|
| 942 |
|
|
|2 ddc
|c BK
|
| 999 |
|
|
|c 46945
|d 46945
|
| 952 |
|
|
|0 0
|1 0
|2 ddc
|4 0
|6 640_700000000000000_COU
|7 0
|9 76136
|a SCL
|b SCL
|c GEN
|d 2024-09-05
|e Donation from the Asia Foundation/ Savar Campus
|l 1
|m 1
|o 640.7 COU
|p 3020043000
|r 2024-11-12
|s 2024-10-29
|t 1
|w 2024-09-05
|y BK
|x Donation from the Asia Foundation/ Savar Campus
|
| 952 |
|
|
|0 0
|1 0
|2 ddc
|4 0
|6 640_700000000000000_COU
|7 0
|9 76137
|a SCL
|b SCL
|c GEN
|d 2024-09-05
|e Donation from the Asia Foundation/ Savar Campus
|l 1
|m 3
|o 640.7 COU
|p 3020043001
|r 2024-11-24
|s 2024-10-31
|t 2
|w 2024-09-05
|y BK
|x Donation from the Asia Foundation/ Savar Campus
|